| 000 | 00812nam a22002417a 4500 | ||
|---|---|---|---|
| 001 | 9190 | ||
| 003 | FISKH | ||
| 005 | 20251128091423.0 | ||
| 008 | 251128b cb ||||| |||| 00| 0 eng d | ||
| 040 |
_aFISKH _beng _cFISKH _dFISKH |
||
| 050 | _aQP301.B63 | ||
| 082 | _a 591.479 | ||
| 100 | _aJeunesse, Gallimard | ||
| 245 |
_aAnimals on the move : _bFirst discovery look it up board books / |
||
| 300 |
_a14 unnumbered pages : _bcolor illustrations ; _c18 cm |
||
| 505 | _aC | ||
| 520 | _a"Jump ... run ... crawl ... Learn how animals move. A first reference book for toddlers and preschoolers, with a pictorial tab index to 'look up' simple facts." | ||
| 521 | 8 |
_a100
_bLexile estimate |
|
| 521 | 8 |
_aC
_bRaz-Plus |
|
| 650 |
_aMovement _vAnimals _xBoard book |
||
| 942 |
_2ddc _cBK _n0 |
||
| 999 |
_c9190 _d9190 |
||